000 00433nam a22001577a 4500
003 CEME
005 20210628203728.0
008 210317b xxu||||| |||| 00| 0 eng d
040 _c.
082 _a355.0218 DEF'E
245 _aDefence industries of pakistan catalogue 1993
260 _aPAKISTAN
_bMINISTRY OF DEFENCE
_c1993
300 _a173P
650 _aDEFENCE INDUSTRIES OF PAKISTAN CATALOGUE 1993
_967046
942 _cBK
_2ddc
999 _c574902
_d574902